TEXTBOOK OF ENGINEERING PHYSICS PART II (Record no. 216982)

MARC details
000 -LEADER
fixed length control field 00605nam a22001697a 4500
008 - FIXED-LENGTH DATA ELEMENTS--GENERAL INFORMATION
fixed length control field 260415b |||||||| |||| 00| 0 eng d
020 ## - INTERNATIONAL STANDARD BOOK NUMBER
International Standard Book Number 978-81-203-4060-2
050 ## - LIBRARY OF CONGRESS CALL NUMBER
Classification number QC 23 .J 35 2010 V. 2
100 ## - MAIN ENTRY--PERSONAL NAME
Personal name JAIN, MAHESH C
245 ## - TITLE STATEMENT
Title TEXTBOOK OF ENGINEERING PHYSICS PART II
260 ## - PUBLICATION, DISTRIBUTION, ETC.
Place of publication, distribution, etc. NEW DELHI,
Name of publisher, distributor, etc. PHI LEARNING PRIVATE LIMITED,
Date of publication, distribution, etc. 2010,
300 ## - PHYSICAL DESCRIPTION
Extent Xii, 260 P, ILL
500 ## - GENERAL NOTE
General note INCLUDES INDEX
650 ## - SUBJECT ADDED ENTRY
Topical term or geographic name entry element 1. Engineering physics—Textbooks 2. Applied physics-Textbooks 3. Solid state physics 4. Optics-Textbooks 5. Quantum theory-Textbooks
942 ## - ADDED ENTRY ELEMENTS (KOHA)
Source of classification or shelving scheme Library of Congress Classification
Koha item type Long Loan Book
Holdings
Withdrawn status Lost status Source of classification or shelving scheme Damaged status Not for loan Collection Home library Current library Shelving location Date acquired Inventory number Total checkouts Full call number Barcode Date last seen Copy number Price effective from Koha item type
    Library of Congress Classification     Science & Technology Kisii University Library Kisii University Library On Display 04/15/2026 112919   QC 23 .J 35 2010 V. 2 A001857 04/15/2026 1 04/15/2026 Long Loan Book
    Library of Congress Classification     Science & Technology Kisii University Library Kisii University Library On Display 04/15/2026 112920   QC 23 .J 35 2010 V. 2 A001855 04/15/2026 2 04/15/2026 Long Loan Book
    Library of Congress Classification     Science & Technology Kisii University Library Kisii University Library On Display 04/15/2026 112921   QC 23 .J 35 2010 V. 2 A001856 04/15/2026 3 04/15/2026 Long Loan Book
    Library of Congress Classification     Science & Technology Kisii University Library Kisii University Library On Display 04/15/2026 112922   QC 23 .J 35 2010 V. 2 A001853 04/15/2026 4 04/15/2026 Long Loan Book